000 01355nam a22002657a 4500
005 20240530110948.0
008 221019s2021 ua bh f b 000 0 ara d
017 _a2021/13366
_bمصر. دار الكتب
020 _a9789773444679
040 _aEG-CaGPL
_cEG-CaGPL
082 0 4 _221
_a953.082
_bق/م س
100 0 _aمحمد الششتاوى
245 1 2 _aالسلاطين الاربعة احفاد السلطان الناصر محمد بن قلاوون :
_b1- المنصور محمد 2- الاشرف شعبان 3- المنصور على 4- الصالح حاجى : سلاطين صغار تحكم فيهم الامراء الكبار /
_cتاليف محمد الششتاوى
250 _aالاولى
260 _aالقاهرة :
_bدار الافاق العربية،
_c2021.
300 _a539 ص. :
_bايض ؛
_c24 سم.
504 _aيشتمل على ارجاعات ببليوجرافية
650 0 7 _2qrmak
_aدولة المماليك
650 0 7 _2qrmak
_aالسلاطين
651 0 7 _2qrmak
_aمصر
_xالملوك والحكام
651 0 7 _2qrmak
_aمصر
_xتاريخ
_yعصر المماليك ( 1250 - 1517 )
651 0 7 _2qrmak
_aمصر
_xتاريخ
_yعصر المماليك ( 1250 - 1517 )
_xالسلطان الناصر حسن بن محمد بن قلاون
942 _2ddc
_cBK
999 _c66948
_d66948